000
00286 a2200121 4500
001
156105
040
_c
Escola São Tomás de Aquino
100
_a
MACHADO, Ana Maria
240
1
0
_a
A velha misteriosa
_l
por
245
1
0
_a
A velha misteriosa
697
_a
*LITERATURA INFANTO
942
_c
BK
999
_c
156105
_d
156105